Explorations : (Record no. 11903)

000 -LEADER
fixed length control field 00511cam a2200169 a 4500
020 ## - INTERNATIONAL STANDARD BOOK NUMBER
ISBN 0072282495 (acidfree paper)
020 ## - INTERNATIONAL STANDARD BOOK NUMBER
ISBN 0815102925 (CDROM)
040 ## - CATALOGING SOURCE
Transcribing agency DLC
082 00 - DEWEY DECIMAL CLASSIFICATION NUMBER
Classification number 520 MCG 2000 A031 Or.
100 1# - MAIN ENTRY--AUTHOR NAME
Personal name Arny, Thomas.
245 10 - TITLE STATEMENT
Title Explorations :
Remainder of title an introduction to astronomy /
250 ## - EDITION STATEMENT
Edition statement 2nd ed. 2000 update.
260 ## - PUBLICATION, DISTRIBUTION, ETC. (IMPRINT)
Place of publication Boston :
Name of publisher McGraw-Hill,
Year of publication c2000.
300 ## - PHYSICAL DESCRIPTION
Number of Pages xxv, 575 p. :
Other physical details col. ill. ;
Dimensions 29 cm. +
Accompanying material 1 computer laser optical disc (4 3/4 in.)
650 #0 - SUBJECT ADDED ENTRY--TOPICAL TERM
Topical Term Astronomy.
942 ## - ADDED ENTRY ELEMENTS (KOHA)
Koha item type សៀវភៅភាសាអង់គ្លេស
952 ## - LOCATION AND ITEM INFORMATION (KOHA)
Withdrawn status [LOCAL, KOHA] 0
952 ## - LOCATION AND ITEM INFORMATION (KOHA)
Withdrawn status [LOCAL, KOHA] 0
Holdings
Permanent Location Date acquired Koha item type Lost status Shelving location Barcode Current Location Full call number
Library Block A2017-08-08សៀវភៅភាសាអង់គ្លេស A028A15717Library Block A520 MCG 2000 A028 Or.
Library Block A2017-08-17សៀវភៅភាសាអង់គ្លេស A028A17313Library Block A520 MCG 2000 A028 Or.
មជ្ឈមណ្ឌលឯការនៃសាកលវិទ្យាល័យភូមិន្ទកសិកម្មចំការដូង

Powered by Koha